000 00573nam a2200169 i 4500
001 22050
003 ES-MaACL
005 20230906152611.0
007 t|
008 021129s1871 sp ||||1| spa d
100 1 _aAlfaro y Lafuente, Santos.
_919822
245 1 0 _aJurisprudencia del Tribunal Supremo en juicios criminales expuesta por orden de materias /
_cpor Santos Alfaro y Lafuente.
260 _aMadrid :
_bNicolás González,
_c1871.
300 _aXII, 224 p. ;
_c23 cm.
650 4 _aDerecho penal-
_zEspaña-
_vJurisprudencia.
_9152003
852 _aES-MaACL
_jB-4434
999 _c22050
_d22050